000 01241cam a2200361 4500
999 _c24186
_d24186
001 vtls012265588
005 20260506102257.0
008 241017s2024 xo g 010 f slo
020 _a9788055195087
_q(viazané)
040 _aSNK
_bslo
_cSNK
_erda
041 1 _aslo
_hita
044 _axo
_cSK
072 7 _a821.131.1-3
_xTalianska próza
_2konspekt
080 _a821.131.1-32
_22011
100 1 _aCognetti, Paolo,
_d1978-
_4aut
_95519
240 1 0 _aGiù nella valle
_lSlovensky
245 1 0 _aDole v údolí
_cPaolo Cognetti ; preložila Alexandra Lenzi Kučmová
264 1 _aBratislava
_bIkar, a.s. - Odeon
_c2024
300 _a145 strán
_c21 cm
336 _atext
_btxt
_2rdacontent
337 _abez média
_bn
_2rdamedia
338 _azväzok
_bnc
_2rdacarrier
500 _aPreložené z taliančiny
500 _aObsahuje stručné biografické údaje o autorovi na predsádke publikácie
500 _aObsahuje edičnú poznámku
655 7 _atalianske novely
_2SNKPH
_95520
655 7 _aItalian novellas
_2SNKPHeng
_95521
700 1 _aLenzi Kučmová, Alexandra,
_d1979-
_4trl
_95522
700 1 _aJaníčková, Nikola,
_d1990-
_4bjd
_95523
958 _aLX
958 _aUP